000 00440nam a22001577a 4500
003 OSt
005 20260205105939.0
007 674 pages
008 260205b |||||||| |||| 00| 0 eng d
020 _a9781484252741
040 _c
082 _a005.133
_bSAR
245 _aText Analytics with Python:A practitioners guide to Natural Language processing
_bNLP
_cSarkar,Dipanjan
260 _bApress
_c2019
942 _2ddc
_cBK
_k005.133
_mSAR
_n0
999 _c36315
_d36315